00490nam a2200157Ia 4500008004100000020001400041082001600055100002200071245006800093250000700161260004500168300002900213500001900242600002100261650005000282240925s9999 xx 000 0 und d a139235256 a005.713 GON aGoncalves, Marcus 0aMCSE: implementing and supporting microsoft exchange server 5.5 aNA aNew Jersey:bPrintice- Hall Int.c,1999. axxxi,600p.bNAfOriginal aIncludes Index aComputer Science aComputer science, information & general works